000 00346nam a2200133Ia 4500
008 220217s9999||||xx |||||||||||||| ||und||
020 _a0-07-460431-7
082 _a624
100 _aT.T.T. Institute Chandigrah
245 0 _aCivil engineering materials
260 _aTata mcgraw hill
_bNew Delhi
_c2000
300 _b125
650 _aCIVIL
999 _c169611
_d169611